Statystyki dla Wszystkie Europejskie państwa w dwie minuty

Kliknij tutaj aby rozwiązać quiz!

Ogólne statystyki

  • Ten quiz został rozwiązany 117 razy
  • Średni wynik to 35 z 46

Statystyki odpowiedzi

powierzchnia (w Km2)Państwo% Poprawnych
311 895Polska
97%
17 075 200Rosja
95%
551 500Francja
92%
504 782Hiszpania
92%
357 578Niemcy
92%
78 866Czechy
90%
49 035Słowacja
90%
92 391Portugalia
88%
449 964Szwecja
87%
207 595Białoruś
86%
337 030Finlandia
86%
65 200Litwa
86%
385 207Norwegia
85%
603 700Ukraina
85%
245 000Wielka Brytania
85%
20 273Słowenia
83%
301 340Włochy
83%
43 094
Dania
82%
41 526Holandia
82%
30 528Belgia
81%
64 573Łotwa
79%
45 227Estonia
78%
56 594Chorwacja
77%
70 300Irlandia
77%
2 586Luksemburg
77%
93 000Węgry
77%
131 957Grecja
76%
88 361Serbia
74%
194Watykan
74%
103 000Islandia
73%
28 748Albania
71%
111 000Bułgaria
71%
10 887Kosowo
71%
238 391Rumunia
71%
468Andora
68%
41 277Szwajcaria
68%
83 854Austria
67%
25 713Macedonia
67%
51 209Bośnia
i Hercegowina
65%
61San Marino
65%
1,95Monako
64%
13 812Czarnogóra
63%
33 851Mołdawia
63%
316Malta
58%
783 562Turcja
55%
160Lichtenstein
40%

Rozkład punktacji

Percentyl według liczby udzielonych odpowiedzi

Procent ludzi z każdym wynikiem

Twoja historia wyników

Nie rozwiązałeś tego quizu